000 01543nam a2200325 i 4500
001 768714001
003 CO-MdFUSB
005 20220629123605.0
007 ta
008 200730t2010 ck |||| |||| 00| 0 spa d
020 _a9789588261147
040 _aCO-MdFUSB
_bspa
_cCO-MdFUSB
_dCO-MdFUSBC
_erda
041 _aspa
082 _223
_a231.3
_bG216
100 _aGarcia Herreros, Rafael. ‎
_eautor
245 3 _aEl espíritu santo
_c/ Rafael García Herreros
250 _aSexta edición
264 1 _aBogotá, Colombia :
_bCorporación Centro Carismático Minuto de Dios,
_c[2010]
264 4 _c©2010
300 _c;
336 _2rdacontent
_atexto
_btxt
337 _2rdamedia
_asin mediación
_bn
338 _2rdacarrier
_avolumen
_bnc
490 1 _aColección obras completas
505 _aPresentación -- Introducción -- Algo íntimo y misterioso -- Elogio del Espírtu -- Nos falta el Espíritu -- Entre el Padre y el Hijo -- Respuesta a la búsqueda -- El Espirítu se posa en Jesús -- ¡Transformamos! -- Promesa tomada en serio -- Llenos del Espirítu -- Necesidad absoluta -- ¿Quién es Él? -- Hace falta una presencia -- La solución es el Espíritu -- Ante nuestra imposibilidad -- Siempre el Espirítu -- Devoción a Dios cercano -- GEmidos inenarrables -- Don, Amor, Plenitud -- El infinito Amor -- Dios que se acerca -- Presencia perpetua de Pentecostés -- La nueva creatura
650 7 _9395
_aEspíritu Santo
_xTeología
830 _nN°3
_aColección obras completas
942 _cBK
945 _aDani
999 _c66573
_d66573